Statistics for Official Languages of the Americas: Tile Select Quiz

Click here to take the quiz!

General Stats

  • This quiz has been taken 23 times
  • The average score is 113 of 120

Answer Stats

QuestionTileSelect% Correct
with Spanish as an official languageBahamasNo
100%
with Guaraní as an official languageBahamasNo
100%
with Portuguese as an official languageBahamasNo
100%
with Quechua as an official languageBahamasNo
100%
with Quechua as an official languageBelizeNo
100%
with Portuguese as an official languageBelizeNo
100%
with French as an official languageBoliviaNo
100%
with English as an official languageBoliviaNo
100%
with Portuguese as an official languageBoliviaNo
100%
with Quechua as an official languageBrazilNo
100%
with Spanish as an official languageBrazilNo
100%
with English as an official languageBrazilNo
100%
with Spanish as an official languageCanadaNo
100%
with Quechua as an official languageCanadaNo
100%
with Guaraní as an official languageCanadaNo
100%
with Portuguese as an official languageCubaNo
100%
with French as an official languageCubaNo
100%
with Quechua as an official languageCubaNo
100%
with Guaraní as an official languageCubaNo
100%
with Guaraní as an official languageDominicaNo
100%
with Quechua as an official languageDominicaNo
100%
with Portuguese as an official languageDominicaNo
100%
with Guaraní as an official languageDominican RepublicNo
100%
with Quechua as an official languageDominican RepublicNo
100%
with Portuguese as an official languageDominican RepublicNo
100%
with Portuguese as an official languageGuyanaNo
100%
with Quechua as an official languageGuyanaNo
100%
with Spanish as an official languageHaitiNo
100%
with Portuguese as an official languageHaitiNo
100%
with Quechua as an official languageHaitiNo
100%
with Guaraní as an official languageJamaicaNo
100%
with Spanish as an official languageJamaicaNo
100%
with Portuguese as an official languageJamaicaNo
100%
with Quechua as an official languageJamaicaNo
100%
with Quechua as an official languageNicaraguaNo
100%
with Portuguese as an official languageNicaraguaNo
100%
with French as an official languageNicaraguaNo
100%
with English as an official languageNicaraguaNo
100%
with Quechua as an official languagePanamaNo
100%
with Portuguese as an official languagePanamaNo
100%
with Guaraní as an official languagePanamaNo
100%
with English as an official languageParaguayNo
100%
with French as an official languageParaguayNo
100%
with English as an official languagePeruNo
100%
with Portuguese as an official languagePeruNo
100%
with French as an official languagePeruNo
100%
with Portuguese as an official languageSt Kitts and NevisNo
100%
with Spanish as an official languageSt Kitts and NevisNo
100%
with Guaraní as an official languageSt Kitts and NevisNo
100%
with French as an official languageSt Kitts and NevisNo
100%
with Quechua as an official languageSt Kitts and NevisNo
100%
with Quechua as an official languageSt LuciaNo
100%
with Portuguese as an official languageSt LuciaNo
100%
with English as an official languageSurinameNo
100%
with Portuguese as an official languageSurinameNo
100%
with Spanish as an official languageSurinameNo
100%
with Portuguese as an official languageTrinidad and TobagoNo
100%
with French as an official languageTrinidad and TobagoNo
100%
with Quechua as an official languageTrinidad and TobagoNo
100%
with English as an official languageVenezuelaNo
100%
with French as an official languageVenezuelaNo
100%
with French as an official languageBahamasNo
95%
with Guaraní as an official languageBelizeNo
95%
with French as an official languageBelizeNo
95%
with French as an official languageBrazilNo
95%
with Guaraní as an official languageBrazilNo
95%
with Portuguese as an official languageCanadaNo
95%
with English as an official languageCanadaYes
95%
with English as an official languageCubaNo
95%
with English as an official languageDominican RepublicNo
95%
with Spanish as an official languageGuyanaNo
95%
with Guaraní as an official languageHaitiNo
95%
with English as an official languageJamaicaYes
95%
with French as an official languageJamaicaNo
95%
with Spanish as an official languageNicaraguaYes
95%
with Guaraní as an official languageNicaraguaNo
95%
with French as an official languagePanamaNo
95%
with English as an official languagePanamaNo
95%
with Portuguese as an official languageParaguayNo
95%
with Spanish as an official languageParaguayYes
95%
with Spanish as an official languagePeruYes
95%
with Guaraní as an official languageSt LuciaNo
95%
with Guaraní as an official languageSurinameNo
95%
with Quechua as an official languageSurinameNo
95%
with Guaraní as an official languageVenezuelaNo
95%
with Spanish as an official languageVenezuelaYes
95%
with Portuguese as an official languageVenezuelaNo
95%
with Quechua as an official languageVenezuelaNo
95%
with Spanish as an official languageBoliviaYes
91%
with Portuguese as an official languageBrazilYes
91%
with Spanish as an official languageCubaYes
91%
with French as an official languageDominican RepublicNo
91%
with Guaraní as an official languageGuyanaNo
91%
with English as an official languageHaitiNo
91%
with Spanish as an official languagePanamaYes
91%
with French as an official languageSt LuciaNo
91%
with Spanish as an official languageSt LuciaNo
91%
with French as an official languageSurinameNo
91%
with Spanish as an official languageTrinidad and TobagoNo
91%
with Guaraní as an official languageTrinidad and TobagoNo
91%
with French as an official languageDominicaNo
86%
with Spanish as an official languageDominican RepublicYes
86%
with French as an official languageGuyanaNo
86%
with French as an official languageHaitiYes
86%
with Quechua as an official languageParaguayNo
86%
with Guaraní as an official languagePeruNo
86%
with English as an official languageSt Kitts and NevisYes
86%
with English as an official languageTrinidad and TobagoYes
86%
with English as an official languageBelizeYes
82%
with Spanish as an official languageBelizeNo
82%
with Spanish as an official languageDominicaNo
82%
with English as an official languageSt LuciaYes
82%
with English as an official languageBahamasYes
77%
with French as an official languageCanadaYes
77%
with English as an official languageGuyanaYes
77%
with English as an official languageDominicaYes
68%
with Quechua as an official languageBoliviaYes
64%
with Quechua as an official languagePeruYes
64%
with Guaraní as an official languageParaguayYes
45%
with Guaraní as an official languageBoliviaYes
36%

Score Distribution

Percentile by Number Answered

Percent of People with Each Score

Your Score History

You have not taken this quiz